Name these People - Weekly #2 - Statistics

General Stats
  • This quiz has been taken 80 times
    66 since last reset
  • The average score is 6 of 20
Answer Stats
Picture Hint Answer % Correct
American
Actor
Danny DeVito
85%
American
Singer
Madonna
84%
South Korean
Singer
Psy
51%
Ugandan
President
Idi Amin
42%
American
Novelist
George R R Martin
40%
Chinese
Basketball Player
Yao Ming
40%
American
Comedienne
Amy Poehler
35%
American
Professional Wrestler
Ronda Rousey
29%
Swedish
Chemist
Alfred Nobel
27%
American
Actress
Sarah Paulson
22%
Brazillian
President
Dilma Roussef
20%
Canadian
NDP Leader
Jagmeet Singh
20%
American
Finacier
J P Morgan
18%
Dutch
Prime Minister
Mark Rutte
16%
Oooan
Robotic Friend
BMO
15%
English
Comedian
James Acaster
15%
Burmese
Prime Minister
Aung San Suu Ky
9%
American
Twitch Streamer
Hasan Piker
9%
Hungarian
Chess Grandmaster
Judit Polgár
7%
New Zealand
Rugby Player
Richie McCaw
5%
No matching quizzes found
Score Distribution
Percent of People with Each Score
Percentile by Number Answered
Your Score History
You have not taken this quiz since the last reset